<?xml version="1.0" encoding="UTF-8"?><?xml-stylesheet type="text/xsl" href="static/style.xsl"?><OAI-PMH xmlns="http://www.openarchives.org/OAI/2.0/" xmlns:xsi="http://www.w3.org/2001/XMLSchema-instance" xsi:schemaLocation="http://www.openarchives.org/OAI/2.0/ http://www.openarchives.org/OAI/2.0/OAI-PMH.xsd"><responseDate>2026-04-17T01:23:05Z</responseDate><request verb="GetRecord" identifier="oai:www.recercat.cat:2445/52213" metadataPrefix="marc">https://recercat.cat/oai/request</request><GetRecord><record><header><identifier>oai:recercat.cat:2445/52213</identifier><datestamp>2025-12-04T22:29:51Z</datestamp><setSpec>com_2072_1057</setSpec><setSpec>col_2072_478917</setSpec><setSpec>col_2072_478931</setSpec></header><metadata><record xmlns="http://www.loc.gov/MARC21/slim" xmlns:dcterms="http://purl.org/dc/terms/" xmlns:xsi="http://www.w3.org/2001/XMLSchema-instance" xmlns:doc="http://www.lyncode.com/xoai" xsi:schemaLocation="http://www.loc.gov/MARC21/slim http://www.loc.gov/standards/marcxml/schema/MARC21slim.xsd">
   <leader>00925njm 22002777a 4500</leader>
   <datafield ind2=" " ind1=" " tag="042">
      <subfield code="a">dc</subfield>
   </datafield>
   <datafield ind2=" " ind1=" " tag="720">
      <subfield code="a">Ruiz Rodríguez, José</subfield>
      <subfield code="e">author</subfield>
   </datafield>
   <datafield ind2=" " ind1=" " tag="720">
      <subfield code="a">Fusté Escolano, Adela</subfield>
      <subfield code="e">author</subfield>
   </datafield>
   <datafield ind2=" " ind1=" " tag="260">
      <subfield code="c">2014-03-18T09:47:22Z</subfield>
   </datafield>
   <datafield ind2=" " ind1=" " tag="260">
      <subfield code="c">2014-03-18T09:47:22Z</subfield>
   </datafield>
   <datafield ind2=" " ind1=" " tag="260">
      <subfield code="c">2012-11</subfield>
   </datafield>
   <datafield ind2=" " ind1=" " tag="520">
      <subfield code="a">De acuerdo con los planteamientos de la Terapia Cognitiva (TC) de Aaron Beck y la terapia Racional Emotivo Conductual (TREC) de Albert Ellis, el mantenimiento de creencias rígidas y actitudes disfuncionales constituyen factores de vulnerabilidad a los trastornos psicológicos. En base a estos planteamientos, la adecuada evaluación de las creencias y actitudes disfuncionales es fundamental, no sólo para saber cuáles están en el origen y mantenimiento de la perturbación emocional que puede aquejar a una persona, sino también para su cambio y prevención, e incluso para la promoción de actitudes más funcionales o saludables.&#xd;
El presente estudio se centra específicamente en el análisis de las similitudes y diferencias existentes entre los instrumentos de evaluación de las creencias y actitudes disfuncionales elaborados desde tales enfoques teóricos. Concretamente, entre el Inventario de Actitudes y Creencias (ABI) y la Escala de Actitudes Disfuncionales (DAS) desarrollados desde la perspectiva de la TREC y la TC, respectivamente. Para ello se han administrado sendos cuestionarios a una muestra de 156 estudiantes universitarios con un rango de edad comprendido entre los 19 y 57 años (media: 22.03; desviación típica: 5.09), y sus puntuaciones se han sometido a diversos análisis de correlación (de Spearman y canónica) y de regresión para verificar el grado de variancia compartida, así como a un análisis factorial de componentes principales (ACP) para comprobar la estructura de la agrupación de las escalas respectivas...</subfield>
   </datafield>
   <datafield tag="653" ind2=" " ind1=" ">
      <subfield code="a">Pensament</subfield>
   </datafield>
   <datafield tag="653" ind2=" " ind1=" ">
      <subfield code="a">Actitud (Psicologia)</subfield>
   </datafield>
   <datafield tag="653" ind2=" " ind1=" ">
      <subfield code="a">Thinking</subfield>
   </datafield>
   <datafield tag="653" ind2=" " ind1=" ">
      <subfield code="a">Attitude (Psychology)</subfield>
   </datafield>
   <datafield ind2="0" ind1="0" tag="245">
      <subfield code="a">Análisis comparativo del "inventario de actitudes y creencias" (ABI) y la "escala de actitudes disfuncionales" (DAS)</subfield>
   </datafield>
</record></metadata></record></GetRecord></OAI-PMH>